000 00696cam a2200181 4500
008 020805n2001 000 0 eng u
020 _a0273654373
035 _a(Sirsi) u119204
050 _a658
100 _aWitzel, M.
245 _aBuilders and dreamers : the making and meaning of management
260 _aLondon
_bFinancial Times Prentice Hall
_c2001
300 _axvi,297p.
_c25cm.
350 _a19.99
520 _aProvides examples of the unchanging, fundamental principles in management by considering its history and development and identifying the lessons that can be learnt from the past and be used to reduce uncertainty in the future.
690 _aMANAGEMENT
942 _n0
999 _c102268
_d102268